V-3 AL YANAKLI ELMA KUŞU (Record no. 588571)

MARC details
000 -LEADER
sabit uzunluktaki kontrol alanı 00277nam a2200109Ia 4500
001 - KONTROL NUMARASI
kontrol alanı 588571
005 - EN SON İŞLEMİN TARİH VE ZAMANI
kontrol alanı 20250717120834.0
008 - SABİT-UZUNLUKTA VERİ ÖĞELERİ--GENEL BİLGİ
sabit uzunluktaki kontrol alanı 250717s9999 xx 000 0 und d
245 #0 - ESER / YAZAR
ESER ADI V-3 AL YANAKLI ELMA KUŞU
Yazar Adı SEVİNÇ KUŞOĞLU
260 ## - YAYIN, DAĞITIM, VB.
YAYIN EVİ ERDEM YAYINLARI
Yayın, dağıtım tarihi, vb. 2019
300 ## - FİZİKSEL AÇIKLAMA
Diğer fiziksel ayrıntılar 64

No items available.